Central Library OPAC University of Rajshahi

Into space / (Record no. 7972)

MARC details
000 -LEADER
fixed length control field 00670cam a2200253 a 4500
001 - CONTROL NUMBER
control field 7972
003 - CONTROL NUMBER IDENTIFIER
rucl marc code BD-RjUL
005 - DATE AND TIME OF LATEST TRANSACTION
control field 20211208234514.0
008 - FIXED-LENGTH DATA ELEMENTS--GENERAL INFORMATION
fixed length control field 140116s1953 enka 001 0 eng d
035 ## - SYSTEM CONTROL NUMBER
System control number (BD-RjUL)8016
System control number (BD-RjUL)
040 ## - CATALOGING SOURCE
Original cataloging agency ANL
Language of cataloging eng
Transcribing agency ANL
Modifying agency NSL:R
041 ## - LANGUAGE CODE
Language code of text/sound track or separate title eng
082 04 - DEWEY DECIMAL CLASSIFICATION NUMBER
Classification number 629.13338
Edition number 20
Author mark and year CLI 1953
100 1# - MAIN ENTRY--PERSONAL NAME
Personal name Cleator, P. E.
Fuller form of name (Philip Ellaby),
Dates associated with a name 1908-
9 (RLIN) 24873
245 10 - TITLE STATEMENT
Title Into space /
Statement of responsibility, etc. P. E. Cleator
260 ## - PUBLICATION, DISTRIBUTION, ETC. (IMPRINT)
Place of publication, distribution, etc. London :
Name of publisher, distributor, etc. Allen & Unwin,
Date of publication, distribution, etc. 1953
300 ## - PHYSICAL DESCRIPTION
Pagination 159 p. :
Illustrations illus. ;
Size 22 cm.
504 ## - BIBLIOGRAPHY, ETC. NOTE
Bibliography, etc Includes index
650 #0 - SUBJECT ADDED ENTRY--TOPICAL TERM
Topical term or geographic name as entry element Space flight.
9 (RLIN) 24874
942 ## - ADDED ENTRY ELEMENTS (KOHA)
Source of classification or shelving scheme Dewey Decimal Classification
Koha item type Books
Holdings
Lost status Source of classification or shelving scheme Damaged status Not for loan Collection code Permanent Location Current Location Shelving location Date acquired Source of acquisition Cost, normal purchase price Total Checkouts Full call number Date last seen Copy number Koha item type
  Dewey Decimal Classification   Not For Loan Non-fiction Central Library, University of Rajshahi Central Library, University of Rajshahi   14/02/1956 O.B.Z Stationary co. 12.30   629.13338 CLI 1953 16/01/2014 C-1 Books